000 00286 a2200121 4500
001 66152
082 _b629.13232KLU
090 _c38447
_d38447
100 _aKluwer Academic Pub
245 _aModleing complex turbuilent flows
260 _aDordrcht
_bKluwer
_c1999
300 _a384
942 _aNUST-CAE
_k629.13232KLU
999 _c301225
_d301225